Principios de microeconomía (Registro nro. 5045)
[ vista simple ]
| 000 -LEADER | |
|---|---|
| fixed length control field | 01527 a2200229 4500 |
| 001 - CONTROL NUMBER | |
| control field | 53000 |
| 005 - DATE AND TIME OF LATEST TRANSACTION | |
| control field | 20260407155804.0 |
| 008 - FIXED-LENGTH DATA ELEMENTS--GENERAL INFORMATION | |
| fixed length control field | 260407a1994 arg spa d |
| 003 - CONTROL NUMBER IDENTIFIER | |
| control field | AR-UNSa-BCEJYS |
| 040 ## - CATALOGING SOURCE | |
| Original cataloging agency | AR-UNSa-BCEJYS |
| Language of cataloging | spa |
| Transcribing agency | AR-UNSa-BCEJYS |
| 080 ## - UNIVERSAL DECIMAL CLASSIFICATION NUMBER | |
| Universal Decimal Classification number | 330.101.542 |
| Common auxiliary subdivision | Microeconomía |
| 020 ## - INTERNATIONAL STANDARD BOOK NUMBER | |
| International Standard Book Number | 84-344-2100-3 |
| 041 ## - LANGUAGE CODE | |
| Language code of text/sound track or separate title | spa |
| 100 1# - MAIN ENTRY--PERSONAL NAME | |
| Personal name | Stiglitz, Joseph E. |
| 245 10 - TITLE STATEMENT | |
| Title | Principios de microeconomía |
| 264 #1 - PRODUCTION, PUBLICATION, DISTRIBUTION, MANUFACTURE, AND COPYRIGHT NOTICE | |
| Place of production, publication, distribution, manufacture | Barcelona : |
| Name of producer, publisher, distributor, manufacturer | Ariel |
| Date of production, publication, distribution, manufacture, or copyright notice | 1994 |
| 300 ## - PHYSICAL DESCRIPTION | |
| Extent | 750 p. |
| Dimensions | 24 cm. |
| 505 ## - FORMATTED CONTENTS NOTE | |
| Formatted contents note | 1. El automóvil y la economía - 2. Pensar como un economista - 3. Intercambio y producción - 4. La demanda, la oferta y los precios - 5. Utilización de la demanda y la oferta - 6. tiempo y riesgo - 7. El sector público - 8. La decisión de consumo - 9. La decisión de ahorro - 10. Una guía de inversión para estudiantes - 11. La decisión de oferta de trabajo - 12. Los costes de la empresa - 13. La decisión de producción de la empresa - 14. El equlibrio competitivo - 15. Monopolios y competencia perfecta - 16. Los oligopolios - 17. Actitud de los poderes públicos hacia la competencia - 18. El cambio tecnológico - 19. La información imperfecta en el mercado de consumo - 20. Las imperfecciones del mercado de trabajo - 21. La financiación y el control de la empresa - 23. La gestión de la empresa - 24. Tributación y redistribución |
| 590 ## - LOCAL NOTE (RLIN) | |
| Local note | niveau_biblio:m niveau_hierar:0 |
| 856 41 - ELECTRONIC LOCATION AND ACCESS | |
| Uniform Resource Identifier | <a href="https://www.biblioeco.unsa.edu.ar/pmb/images/libros/L128391.jpg">https://www.biblioeco.unsa.edu.ar/pmb/images/libros/L128391.jpg</a> |
| Link text | Imagen de portada |
| Electronic format type | image/jpeg |
| 942 ## - ADDED ENTRY ELEMENTS (KOHA) | |
| Koha item type | |
| Withdrawn status | Lost status | Damaged status | Not for loan | Home library | Current library | Shelving location | Date acquired | Total checkouts | Full call number | Barcode | Date last seen | Price effective from | Koha item type |
|---|---|---|---|---|---|---|---|---|---|---|---|---|---|
| Biblioteca Prof. Eusebio Cleto del Rey | Biblioteca Prof. Eusebio Cleto del Rey | 07/04/2026 | 330.101.542 S854 | L128391 | 07/04/2026 | 07/04/2026 | Libro |